| 000 | 00843nam a2200289Ia 4500 | ||
|---|---|---|---|
| 001 | dia_5930 | ||
| 003 | CHAP | ||
| 005 | 20251023151532.0 | ||
| 008 | 220117s[201 xx 000 0 und d | ||
| 010 | _a177100 | ||
| 020 | _a978-958-736-007-3 | ||
| 040 | _cCHAP | ||
| 082 | _a633.73 D83 [2010?] | ||
| 100 | 1 |
_aDurán Ramírez, Felipe _934702 |
|
| 245 |
_aCultivo del café / _c Felipe Durán Ramírez |
||
| 260 |
_aColombia : _b Grupo Latino, _c[201 |
||
| 300 | _a511 p. | ||
| 503 | _aC. | ||
| 504 | _aBibliografía: p. 509-511 | ||
| 590 | _aSB269 D83 [2010?] | ||
| 650 |
_aCafé _xCultivos y medios de cultivo _9160206 |
||
| 650 |
_aCoffee _xCultures and culture media _9160207 |
||
| 901 | _a633.73 D83 [2010?] | ||
| 902 | _aM | ||
| 905 | _a523227[2010?] ck dn 8222123322spa16 | ||
| 942 |
_cLIBRO _2ddc |
||
| 999 |
_c177100 _d177100 |
||